000 00415nam a2200157Ia 4500
008 100204s9999 xx 000 0 und d
082 _b27529
100 _aखरे सुरेश
245 _aसांगण्यासारख
250 _a0
260 _c2007
300 _a164
630 _aसांगण्यासारख
730 _aसांगण्यासारख
942 _cBOOK
999 _c472702
_d472699